[Event "World Rapid 2018"]
[Site "St Petersburg RUS"]
[Date "2018.12.26"]
[Round "3.51"]
[White "Nozdrachev, Vladislav"]
[Black "Adly, Ahmed"]
[Result "0-1"]
[WhiteTitle "IM"]
[BlackTitle "GM"]
[WhiteElo "2486"]
[BlackElo "2626"]
[WhiteFideId "24113441"]
[BlackFideId "10601619"]
[EventDate "2018.12.26"]

1. e4 c5 2. Nf3 d6 3. d4 cxd4 4. Nxd4 Nf6 5. Nc3 a6 6. h3 e5 7. Nb3 h5 8. f4 Nc6
9. Be3 exf4 10. Bxf4 Be6 11. Qd2 d5 12. exd5 Nxd5 13. Nxd5 Qxd5 14. Qxd5 Bxd5
15. O-O-O O-O-O 16. Rd2 Be7 17. Bd3 Be6 18. Re1 g5 19. Bg3 h4 20. Bf2 Bb4 21. c3
Bd6 22. Kc2 Ne5 23. Be4 Nc4 24. Rdd1 Kb8 25. Nd4 Bc8 26. Nf3 Bf4 27. Bd3 Rxd3
28. Rxd3 Bf5 29. Bd4 Rd8 30. b3 b5 31. Re7 Na3+ 32. Kb2 Bxd3 33. Ne5 Be4 34.
Nxf7 Rxd4 35. cxd4 Bxg2 36. Kxa3 g4 37. hxg4 h3 38. Re8+ Kc7 39. Re7+ Kc8 40.
Re8+ Kd7 41. Rh8 h2 42. Ne5+ Kc7 43. Rh7+ Kb6 44. Nd7+ Kc6 45. Ne5+ Kd5 46. g5
Kxd4 47. g6 Bxe5 48. g7 Kc3 49. Rh4 0-1

[Event "World Rapid 2018"]
[Site "St Petersburg RUS"]
[Date "2018.12.26"]
[Round "3.52"]
[White "Petrov, Nikita"]
[Black "Amin, Bassem"]
[Result "1/2-1/2"]
[WhiteTitle "GM"]
[BlackTitle "GM"]
[WhiteElo "2593"]
[BlackElo "2710"]
[WhiteFideId "4101286"]
[BlackFideId "10601457"]
[EventDate "2018.12.26"]

1. e4 e5 2. Bc4 Nc6 3. Nf3 Nf6 4. d3 h6 5. O-O d6 6. c3 g6 7. Re1 Bg7 8. Nbd2
O-O 9. Nf1 Na5 10. Bb5 a6 11. Ba4 b5 12. Bc2 c5 13. d4 exd4 14. cxd4 Bg4 15. d5
Re8 16. Ng3 Nc4 17. h3 Bxf3 18. gxf3 h5 19. f4 h4 20. Nf1 Nh5 21. Rb1 Bh6 22. b3
Nb6 23. Qg4 Nxd5 24. f5 Bxc1 25. Rbxc1 Ndf4 26. e5 Rxe5 27. Rxe5 dxe5 28. fxg6
Qg5 29. Kh2 Qxg4 30. hxg4 Nf6 31. gxf7+ Kxf7 32. Bf5 Ne6 33. Ne3 Rd8 34. Bxe6+
Kxe6 35. Rxc5 Rd2 36. Rc6+ Kf7 37. g5 Rxf2+ 38. Kg1 Ne4 39. Ng4 Rxa2 40. Nxe5+
Ke7 41. Ng6+ Kd7 42. Ne5+ Kd8 43. Rh6 Nxg5 44. Rxh4 Re2 45. Nd3 Rd2 46. Rh8+ Kc7
47. Nc5 a5 48. Rh6 Rc2 49. Na6+ Kb7 50. b4 a4 51. Nc5+ Kc7 52. Ra6 Nf3+ 53. Kf1
Nd2+ 54. Ke1 Ra2 55. Ne6+ Kb7 56. Nc5+ Kc7 57. Ne6+ Kd7 58. Nd4 Nc4 59. Nxb5 a3
60. Nxa3 Nxa3 61. Kf1 Kc7 62. Kg1 Kb7 63. b5 Kc7 64. Kf1 Kb7 65. Kg1 Rb2 66.
Rxa3 Rxb5 67. Kf2 1/2-1/2

[Event "World Rapid 2018"]
[Site "St Petersburg RUS"]
[Date "2018.12.26"]
[Round "3.53"]
[White "Vastrukhin, Oleg"]
[Black "Antipov, Mikhail Al."]
[Result "1/2-1/2"]
[BlackTitle "GM"]
[WhiteElo "2413"]
[BlackElo "2589"]
[WhiteFideId "4192770"]
[BlackFideId "4107012"]
[EventDate "2018.12.26"]

1. Nf3 Nf6 2. g3 d5 3. Bg2 c6 4. O-O h6 5. d3 Bf5 6. c4 dxc4 7. dxc4 Qxd1 8.
Rxd1 Bc2 9. Rd2 Bh7 10. b3 e6 11. Bb2 Bb4 12. Rd1 a5 13. Ne5 Ke7 14. Nc3 Nbd7
15. Nxd7 Nxd7 16. Na4 f6 17. a3 Bd6 18. Rd2 Nc5 19. Nxc5 Bxc5 20. Rad1 Rhd8 21.
Rxd8 Rxd8 22. Rxd8 Kxd8 23. Bc3 Bxa3 24. Bxa5+ Kd7 25. Bc3 Bc2 26. b4 Kc7 27. e3
e5 28. f4 e4 29. Kf2 c5 30. bxc5 Kc6 31. Bd4 Bd3 32. Bf1 Bxf1 33. Kxf1 Bxc5 34.
f5 h5 35. Ke2 b5 36. cxb5+ Kxb5 37. Bc3 Kc4 38. Be1 Bb4 39. Bf2 Bd6 40. h3 Kd5 1/2-1/2

[Event "World Rapid 2018"]
[Site "St Petersburg RUS"]
[Date "2018.12.26"]
[Round "3.54"]
[White "Vlassov, Nikolai"]
[Black "Sakaev, Konstantin"]
[Result "0-1"]
[WhiteTitle "IM"]
[BlackTitle "GM"]
[WhiteElo "2401"]
[BlackElo "2584"]
[WhiteFideId "4103360"]
[BlackFideId "4104226"]
[EventDate "2018.12.26"]

1. e4 c5 2. c3 g6 3. d4 cxd4 4. cxd4 d5 5. e5 Nc6 6. Nc3 Bg7 7. Bf4 Nh6 8. Qd2
Nf5 9. Nf3 h5 10. Bb5 f6 11. O-O g5 12. Be3 O-O 13. exf6 exf6 14. Rac1 Nce7 15.
Ba4 Nd6 16. Bb3 Be6 17. Qe2 Bf7 18. Ne1 Rc8 19. Nd3 Nc4 20. Nb4 a5 21. Nbxd5
Nxd5 22. Nxd5 Qxd5 23. h4 gxh4 24. Qd3 Nxb2 25. Qb1 Nc4 26. Rc3 a4 27. Bxa4 Nxe3
28. Rxe3 Qxd4 29. Re4 Qd5 30. Bb3 Qg5 31. Re7 Bxb3 32. Qxb3+ Kh8 33. Qxb7 Rg8
34. Qf3 Qg4 35. Qe3 Bf8 36. g3 hxg3 37. fxg3 Qxg3+ 38. Qxg3 Rxg3+ 39. Kh2 Bxe7
40. Kxg3 Kg7 41. a4 Rc3+ 42. Kh4 f5+ 43. Kxh5 Rh3# 0-1

[Event "World Rapid 2018"]
[Site "St Petersburg RUS"]
[Date "2018.12.26"]
[Round "3.55"]
[White "Drygalov, Andrey"]
[Black "Sarana, Alexey"]
[Result "0-1"]
[WhiteTitle "IM"]
[BlackTitle "GM"]
[WhiteElo "2481"]
[BlackElo "2618"]
[WhiteFideId "24171735"]
[BlackFideId "24133795"]
[EventDate "2018.12.26"]

1. Nf3 Nf6 2. c4 e6 3. b3 Be7 4. Bb2 d5 5. g3 O-O 6. Bg2 c5 7. cxd5 Nxd5 8. O-O
Nc6 9. d4 b6 10. Nc3 Nxc3 11. Bxc3 Bb7 12. dxc5 Bxc5 13. Ne5 Qc7 14. Qd7 Rac8
15. Qxc7 Rxc7 16. Rfd1 Nb8 17. Bxb7 Rxb7 18. Nd3 Be7 19. Rac1 f6 20. Bb4 Kf7 21.
Bxe7 Kxe7 22. Nb4 Rd8 23. Rxd8 Kxd8 24. Nc6+ Nxc6 25. Rxc6 Kd7 26. Rc2 b5 27. f4
Rc7 28. Rxc7+ Kxc7 29. Kf2 Kc6 30. Ke3 Kc5 31. a3 Kd5 32. Kd3 f5 33. b4 e5 34.
h3 exf4 35. gxf4 a6 36. h4 g6 37. e3 h6 38. Kd2 Kc4 39. Ke2 h5 40. Kd2 Kb3 0-1

[Event "World Rapid 2018"]
[Site "St Petersburg RUS"]
[Date "2018.12.26"]
[Round "3.56"]
[White "Piorun, Kacper"]
[Black "Gutenev, Alexander"]
[Result "1/2-1/2"]
[WhiteTitle "GM"]
[BlackTitle "IM"]
[WhiteElo "2634"]
[BlackElo "2456"]
[WhiteFideId "1130420"]
[BlackFideId "4195540"]
[EventDate "2018.12.26"]

1. e4 c5 2. Nc3 Nc6 3. g3 g6 4. Bg2 Bg7 5. d3 Rb8 6. Be3 b5 7. Qd2 b4 8. Nd1 d6
9. Ne2 Nd4 10. O-O e6 11. Nc1 Ne7 12. c3 bxc3 13. bxc3 Ndc6 14. Bh6 O-O 15. Bxg7
Kxg7 16. Ne3 a5 17. Ne2 Ba6 18. f4 f5 19. exf5 gxf5 20. g4 d5 21. gxf5 exf5 22.
Ng3 Qd7 23. Rfe1 d4 24. Nc4 Ng6 25. Ne5 Ncxe5 26. fxe5 dxc3 27. Nh5+ Kh8 28.
Qxc3 Qd4+ 29. Qxd4 cxd4 30. Rac1 Rbc8 31. Rxc8 Rxc8 32. e6 Bxd3 33. Nf6 Kg7 34.
Nd5 Re8 35. Nc7 Re7 36. Nd5 Re8 37. Nc7 Re7 38. Nd5 1/2-1/2

[Event "World Rapid 2018"]
[Site "St Petersburg RUS"]
[Date "2018.12.26"]
[Round "3.57"]
[White "Makarov, Marat"]
[Black "Frolyanov, Dmitry"]
[Result "1/2-1/2"]
[WhiteTitle "GM"]
[BlackTitle "GM"]
[WhiteElo "2505"]
[BlackElo "2517"]
[WhiteFideId "4101103"]
[BlackFideId "4151976"]
[EventDate "2018.12.26"]

1. Nf3 d5 2. e3 Nf6 3. b3 g6 4. Bb2 Bg7 5. c4 c6 6. Be2 O-O 7. O-O dxc4 8. bxc4
c5 9. Qb3 b6 10. Nc3 Bb7 11. Rad1 Nc6 12. Rfe1 Qc8 13. Nd5 Nxd5 14. Bxg7 Kxg7
15. cxd5 Na5 16. Qc3+ Kg8 17. e4 e6 18. Ne5 exd5 19. exd5 Qd8 20. Ng4 f6 21. Bf3
Kg7 22. Qe3 Nc4 23. Qf4 Nd6 24. Ne3 Nf7 25. d4 c4 26. Nxc4 Bxd5 27. Ne3 Bxf3 28.
Qxf3 Rc8 29. h4 Qd6 30. Qg4 Nh6 31. Qf3 Rc7 32. Nd5 Rcf7 33. Nf4 Kg8 34. Ne6 Rc8
35. d5 Nf5 36. h5 Ne7 37. Nf4 Re8 38. Re6 Qd7 39. hxg6 Nxg6 40. Rde1 Rd8 41. Nh5
f5 42. Nf6+ Rxf6 43. Rxf6 Qxd5 44. Rxf5 Qxa2 45. Qe4 Qb3 46. Rf3 Qa2 47. Re2
Qa1+ 48. Kh2 Qg7 49. Qe6+ Kh8 50. Qf6 Qxf6 51. Rxf6 Kg7 52. Rc6 Rd7 53. Rec2 Kf7
54. Rc7 Ke7 55. Kg3 a5 56. R7c6 Rd3+ 57. f3 Rb3 58. Rc7+ Kd6 59. Rxh7 Ne5 60.
Rh6+ Kd5 61. Rh5 Kd4 62. Rh8 b5 63. Rd8+ Ke3 64. Rd5 Nc4 65. Rc1 Ke2 66. Rc2+
Ke3 67. Rc1 Ke2 68. Rc2+ Ke3 69. Rc1 Ke2 1/2-1/2

[Event "World Rapid 2018"]
[Site "St Petersburg RUS"]
[Date "2018.12.26"]
[Round "3.58"]
[White "Rakhmanov, Aleksandr"]
[Black "Maghsoodloo, Parham"]
[Result "1-0"]
[WhiteTitle "GM"]
[BlackTitle "GM"]
[WhiteElo "2629"]
[BlackElo "2688"]
[WhiteFideId "4173708"]
[BlackFideId "12539929"]
[EventDate "2018.12.26"]

1. c4 g6 2. Nc3 Bg7 3. g3 e5 4. Bg2 d6 5. d3 f5 6. e4 Nf6 7. Nge2 O-O 8. h3 a5
9. Be3 Na6 10. Qd2 fxe4 11. dxe4 Nc5 12. O-O b6 13. b3 Bb7 14. Qc2 Ne6 15. f4
exf4 16. gxf4 Nd7 17. Rad1 Qe8 18. Nd5 Rc8 19. Ng3 Kh8 20. Qd2 Nec5 21. Bd4 Qf7
22. e5 c6 23. Bxc5 Nxc5 24. Nxb6 Rcd8 25. exd6 Ne6 26. Ne2 c5 27. d7 Nd4 28. Nc3
Qe6 29. Bxb7 Qxb6 30. Bc8 g5 31. Nd5 Qd6 32. f5 Nxf5 33. Qxg5 Bd4+ 34. Kg2 Rg8
35. Rxf5 h6 36. Qg4 Qe6 37. Kf3 Rxg4 38. hxg4 a4 39. Rh1 Kg7 40. Rf4 axb3 41.
axb3 Qd6 42. Re1 Qb8 43. Re7+ Kg6 44. b4 Qa8 45. Re6+ Kg7 46. Ra6 Qb8 47. Re6
Qa7 48. bxc5 Qa3+ 49. Ke4 Bxc5 50. Re8 Qa5 51. Rxd8 Qxd8 52. Kf3 Qa5 53. Re4
Qa3+ 54. Ne3 Bb6 55. Re6 Bc7 56. Re8 Qd3 57. Re7+ Kf6 58. Re6+ Kg5 59. Rc6 Qd4
60. Rxc7 Qf4+ 61. Ke2 Qxc7 62. Kd3 Qd8 63. c5 Kf6 64. Nd5+ Kf7 65. Nb4 Qf6 66.
Kc4 Qf1+ 67. Kd5 Qf6 68. Nc6 Qf3+ 69. Kd6 Qd3+ 70. Kc7 Qg3+ 71. Kb7 Qb3+ 72. Ka7
Qa3+ 73. Ba6 Qxc5+ 74. Kb7 h5 75. gxh5 Qxh5 76. d8=Q Qc5 77. Bc4+ Kg6 78. Ne7+
Kf6 79. Nd5+ Ke5 80. Qf6+ Ke4 81. Qf4# 1-0

[Event "World Rapid 2018"]
[Site "St Petersburg RUS"]
[Date "2018.12.26"]
[Round "3.59"]
[White "Kazhgaleyev, Murtas"]
[Black "Novikov, Stanislav"]
[Result "0-1"]
[WhiteTitle "GM"]
[BlackTitle "GM"]
[WhiteElo "2587"]
[BlackElo "2540"]
[WhiteFideId "13700316"]
[BlackFideId "4125371"]
[EventDate "2018.12.26"]

1. d4 g6 2. c4 Bg7 3. e4 d6 4. Nc3 c6 5. h3 a6 6. Nf3 Nd7 7. Be2 b5 8. O-O Bb7
9. a3 Qc7 10. Be3 Ngf6 11. Rc1 Qb8 12. Qd2 O-O 13. Rfd1 Re8 14. b4 e5 15. dxe5
dxe5 16. Qc2 Bf8 17. Qb3 h6 18. a4 bxa4 19. Nxa4 c5 20. bxc5 Bc6 21. Qa2 Ra7 22.
Rd6 Bxa4 23. Qxa4 Nxc5 24. Bxc5 Bxd6 25. Bxa7 Qxa7 26. Ne1 Rc8 27. Bf3 Nd7 28.
Qd1 Bc5 29. Nd3 h5 30. g4 h4 31. g5 Bd4 32. Bg4 Rb8 33. Bxd7 Qxd7 34. Kg2 Qc6
35. Qe2 a5 36. Ne1 Rb4 37. c5 Rb5 38. Nd3 a4 39. Kf3 Rb3 40. Kg2 a3 41. Rc2 Kg7
42. Kg1 Qa6 43. c6 Qxd3 44. Qxd3 Rxd3 45. c7 a2 46. c8=Q a1=Q+ 47. Kg2 Rd1 48.
Qc6 Rg1+ 49. Kf3 Qd1+ 0-1

[Event "World Rapid 2018"]
[Site "St Petersburg RUS"]
[Date "2018.12.26"]
[Round "3.60"]
[White "Lintchevski, Daniil"]
[Black "Lomasov, Semyon"]
[Result "1/2-1/2"]
[WhiteTitle "GM"]
[BlackTitle "IM"]
[WhiteElo "2516"]
[BlackElo "2553"]
[WhiteFideId "4171055"]
[BlackFideId "24164879"]
[EventDate "2018.12.26"]

1. Nf3 Nf6 2. c4 c5 3. Nc3 Nc6 4. e3 e6 5. d4 d5 6. a3 a6 7. dxc5 Bxc5 8. b4 Bd6
9. Bb2 O-O 10. cxd5 exd5 11. Be2 Bg4 12. O-O Rc8 13. Rc1 Re8 14. g3 Bb8 15. Na4
Ne4 16. Nc5 Bh3 17. Re1 Qe7 18. Qxd5 Nxc5 19. Qxc5 Qxc5 20. bxc5 h6 21. Bf1 Bxf1
22. Kxf1 Ba7 23. Rc3 Ne5 24. Nxe5 Rxe5 25. c6 bxc6 26. Rxc6 Rxc6 27. Bxe5 f6 28.
Bb2 Rc2 29. Re2 Rc7 30. Rd2 Bc5 31. Rc2 Kf7 32. Bd4 Bd6 33. Rxc7+ Bxc7 34. Ke2
h5 35. Kd3 Ke6 36. e4 g6 37. f3 f5 38. Bf2 g5 39. a4 g4 40. f4 h4 41. gxh4 Bxf4
42. Bg3 Bc1 43. exf5+ Kxf5 44. Kd4 Bd2 45. Kc5 Kg6 46. Kb6 a5 47. Bc7 Kh5 48.
Bd8 Bf4 49. Kxa5 Bxh2 50. Kb5 g3 51. Bc7 Kxh4 52. a5 Kh3 53. Bxg3 1/2-1/2

[Event "World Rapid 2018"]
[Site "St Petersburg RUS"]
[Date "2018.12.26"]
[Round "3.62"]
[White "Jumabayev, Rinat"]
[Black "Van Foreest, Jorden"]
[Result "1/2-1/2"]
[WhiteTitle "GM"]
[BlackTitle "GM"]
[WhiteElo "2602"]
[BlackElo "2614"]
[WhiteFideId "13702661"]
[BlackFideId "1039784"]
[EventDate "2018.12.26"]

1. c4 c6 2. e4 d5 3. exd5 cxd5 4. cxd5 Nf6 5. Nc3 Nxd5 6. d4 Nc6 7. Nf3 Bf5 8.
Bb5 e6 9. Ne5 Nb4 10. O-O a6 11. Nxc6 Nxc6 12. Ba4 b5 13. d5 bxa4 14. Qxa4 Rc8
15. dxc6 Bd6 16. Bf4 Bxf4 17. Qxf4 O-O 18. Rad1 Qb6 19. Rd2 Rxc6 20. Rfd1 h6 21.
h3 Rfc8 22. Nd5 exd5 23. Qxf5 d4 24. Rxd4 g6 25. Qe5 Re6 26. Qf4 Qxb2 27. Qxh6
Re1+ 28. Rxe1 Qxd4 29. h4 Qd5 30. a3 Qa5 31. Re3 Qf5 32. Rf3 Qg4 33. Qf4 Qxf4
34. Rxf4 Rc5 35. Kh2 Kg7 36. f3 a5 37. Kg3 Rc3 38. Ra4 Rc5 39. Kf4 Kf6 40. g4
Ke6 41. Re4+ Kf6 42. g5+ Kg7 43. Rd4 Rc3 44. Ra4 Rc5 45. Ke4 f6 46. f4 Kf7 47.
Rd4 Ke6 48. gxf6 Kxf6 49. Rd6+ Kf7 50. Rd5 Rc4+ 51. Ke5 Ra4 52. Rd7+ Ke8 53. Rd3
Kf7 54. Rc3 Kg7 55. Rf3 Kh6 56. Kf6 Rc4 57. f5 gxf5 58. Rxf5 Ra4 59. Rf3 Rxh4
60. Kf5 Kg7 61. Ke6 a4 62. Kd6 Rg4 63. Kc6 Rh4 64. Kb5 Rg4 65. Ka5 Rh4 66. Rf5
Kg6 67. Rf3 Rg4 68. Kb5 Kg7 1/2-1/2

[Event "World Rapid 2018"]
[Site "St Petersburg RUS"]
[Date "2018.12.26"]
[Round "3.63"]
[White "Anikonov, Dmitry"]
[Black "Miton, Kamil"]
[Result "0-1"]
[WhiteTitle "FM"]
[BlackTitle "GM"]
[WhiteElo "2371"]
[BlackElo "2588"]
[WhiteFideId "24178012"]
[BlackFideId "1111914"]
[EventDate "2018.12.26"]

1. d4 Nf6 2. c4 e6 3. g3 d5 4. Nf3 Bb4+ 5. Bd2 Be7 6. Bg2 O-O 7. O-O Nbd7 8. Qc2
c6 9. Rd1 b6 10. b3 Ba6 11. a4 Bd6 12. Na3 Qe7 13. Qb2 Rac8 14. Rdc1 Ne4 15. Be1
Bb4 16. Bxb4 Qxb4 17. Nc2 Qd6 18. Ne3 f5 19. Nd2 c5 20. dxc5 bxc5 21. Nxe4 fxe4
22. Rd1 d4 23. Qc2 Nf6 24. Nf1 Bb7 25. Nd2 Qe5 26. Rf1 Rc7 27. a5 Rd7 28. a6 Ba8
29. Rae1 e3 30. f4 Qh5 31. Ne4 Bxe4 32. Bxe4 Ng4 33. h4 Nf2 34. Bf3 Qh6 35. Rxf2
exf2+ 36. Kxf2 e5 37. Kg2 exf4 38. h5 fxg3 39. Qe4 Qf6 40. Rf1 Re7 41. Qg4 Kh8
42. Qxg3 Re5 43. Qh3 Rg5+ 44. Kh1 Rf5 45. Rg1 Rf4 46. Kg2 d3 0-1

[Event "World Rapid 2018"]
[Site "St Petersburg RUS"]
[Date "2018.12.26"]
[Round "3.64"]
[White "Bindrich, Falko"]
[Black "Tsoi, Dmitry"]
[Result "1-0"]
[WhiteTitle "GM"]
[BlackTitle "FM"]
[WhiteElo "2606"]
[BlackElo "2424"]
[WhiteFideId "4676670"]
[BlackFideId "24194697"]
[EventDate "2018.12.26"]

1. d4 f5 2. g3 Nf6 3. Bg2 e6 4. c4 d5 5. Nh3 c6 6. Qc2 Be7 7. O-O O-O 8. Nd2 Ne4
9. f3 Nxd2 10. Bxd2 Bf6 11. e3 Qd6 12. Rad1 b6 13. e4 Bxd4+ 14. Kh1 fxe4 15.
fxe4 Rxf1+ 16. Rxf1 dxc4 17. e5 Bxe5 18. Be4 h6 19. Nf4 Bxf4 20. Bxf4 Qe7 21.
Qd1 e5 22. Bg5 Qe8 23. Qd6 Bh3 24. Bg6 Qc8 25. Bf7+ Kh8 26. Rf6 1-0

[Event "World Rapid 2018"]
[Site "St Petersburg RUS"]
[Date "2018.12.26"]
[Round "3.65"]
[White "Zubritskiy, Artyom"]
[Black "Bosiocic, Marin"]
[Result "0-1"]
[WhiteTitle "IM"]
[BlackTitle "GM"]
[WhiteElo "2442"]
[BlackElo "2599"]
[WhiteFideId "4181247"]
[BlackFideId "14507927"]
[EventDate "2018.12.26"]

1. c4 e5 2. g3 Nf6 3. Bg2 c6 4. d4 e4 5. Nc3 d5 6. f3 Bb4 7. Qb3 Na6 8. cxd5
Qxd5 9. fxe4 Qxd4 10. Nf3 Qb6 11. Bd2 Be6 12. Qc2 Ng4 13. O-O-O Nf2 14. Ng5 Nxh1
15. Nxe6 fxe6 16. a3 Nf2 17. axb4 Nxd1 18. Nxd1 O-O-O 0-1

[Event "World Rapid 2018"]
[Site "St Petersburg RUS"]
[Date "2018.12.26"]
[Round "3.66"]
[White "Yakubboev, Nodirbek"]
[Black "Gareyev, Timur"]
[Result "1/2-1/2"]
[WhiteTitle "IM"]
[BlackTitle "GM"]
[WhiteElo "2556"]
[BlackElo "2569"]
[WhiteFideId "14203987"]
[BlackFideId "14200937"]
[EventDate "2018.12.26"]

1. d4 Nf6 2. c4 e6 3. g3 Bb4+ 4. Bd2 a5 5. Bg2 O-O 6. e4 d6 7. Ne2 e5 8. O-O
exd4 9. Nxd4 Nc6 10. Bc3 Bg4 11. Qd2 Nxd4 12. Qxd4 Bc5 13. Qd3 Nd7 14. h3 Be6
15. Nd2 Ne5 16. Qe2 Nc6 17. Kh2 Bb4 18. Rac1 Re8 19. a3 Bxc3 20. Rxc3 a4 21. f4
f6 22. Rd1 Qe7 23. Nf1 Na5 24. Nd2 Ra6 25. Rdc1 Rb6 26. R1c2 c5 27. Qd1 Qf7 28.
Bf1 Bd7 29. Re3 Bc6 30. Qe1 Ra6 31. Nf3 Nb3 32. Bd3 Raa8 33. Qc3 Rad8 34. Rce2
b6 35. Bc2 Na5 36. Nd2 Re7 37. Re1 Rde8 38. Bd1 Rd8 39. Bc2 Qe8 40. Nf3 Qf7 41.
Nd2 Qe6 42. Qd3 g6 43. e5 Rde8 44. f5 gxf5 45. exd6 Qxe3 46. Rxe3 Rxe3 47. Qxf5
Re2+ 48. Kg1 Re1+ 49. Nf1 R8e2 50. Qxh7+ Kf8 51. Qh8+ Kf7 52. Qh7+ Kf8 53. Qh8+
Kf7 54. Qh7+ 1/2-1/2

[Event "World Rapid 2018"]
[Site "St Petersburg RUS"]
[Date "2018.12.26"]
[Round "3.67"]
[White "Indjic, Aleksandar"]
[Black "Ovchinnikov, Vsevolod"]
[Result "1/2-1/2"]
[WhiteTitle "GM"]
[BlackTitle "FM"]
[WhiteElo "2620"]
[BlackElo "2329"]
[WhiteFideId "911925"]
[BlackFideId "24176842"]
[EventDate "2018.12.26"]

1. d4 Nf6 2. Nf3 g6 3. Bg5 Bg7 4. Nbd2 d5 5. e3 O-O 6. h3 c5 7. c3 b6 8. Be2 h6
9. Bf4 Ba6 10. Bxa6 Nxa6 11. O-O Qc8 12. a4 Qb7 13. Qb3 Rfd8 14. Bg3 e6 15. Ne5
Rac8 16. Bh4 g5 17. Bg3 Nh5 18. Bh2 f6 19. Nef3 Bf8 20. Rfe1 Ng7 21. Qc2 Nb8 22.
a5 b5 23. a6 Qd7 24. Qd3 b4 25. Ra5 c4 26. Qb1 Rc6 27. Qa2 b3 28. Qa1 Rb6 29. e4
Nc6 30. Ra4 Rc8 31. Nf1 Ne7 32. Ne3 Rcc6 33. Ng4 Ne8 34. e5 f5 35. Nf6+ Nxf6 36.
exf6 Ng6 37. h4 gxh4 38. Qd1 Qf7 39. Ne5 Nxe5 40. Bxe5 Rxa6 41. Qa1 Qb7 42. Rxa6
Rxa6 43. Qd1 Qf7 44. g3 hxg3 45. Re3 gxf2+ 46. Kxf2 Kh7 1/2-1/2

[Event "World Rapid 2018"]
[Site "St Petersburg RUS"]
[Date "2018.12.26"]
[Round "3.68"]
[White "Tang, Andrew"]
[Black "Yuffa, Daniil"]
[Result "1-0"]
[WhiteTitle "GM"]
[BlackTitle "GM"]
[WhiteElo "2487"]
[BlackElo "2572"]
[WhiteFideId "2059630"]
[BlackFideId "24131423"]
[EventDate "2018.12.26"]

1. d4 d5 2. Bf4 Nf6 3. e3 c5 4. dxc5 Nc6 5. Bb5 Qa5+ 6. Nc3 Bg4 7. Qd4 e6 8. Nf3
Bxf3 9. gxf3 Nd7 10. Bxc6 bxc6 11. b4 Qd8 12. Rb1 Be7 13. Ne2 Bf6 14. Qd3 e5 15.
Bg3 h5 16. h3 a5 17. a3 axb4 18. axb4 Nf8 19. c4 h4 20. Bh2 Ne6 21. cxd5 cxd5
22. Nc3 Ra3 23. Rd1 O-O 24. Qc2 Ng5 25. Nxd5 Nxf3+ 26. Kf1 Qc8 27. Kg2 Ng5 28.
Bxe5 Bd8 29. c6 Qe6 30. c7 Bxc7 31. Bxc7 Re8 32. Nf4 Qc8 33. Qc6 Kh7 34. Rd5 f6
35. Rhd1 Ra6 36. Qc2+ Ne4 37. Rh5+ Kg8 38. Qc4+ 1-0

[Event "World Rapid 2018"]
[Site "St Petersburg RUS"]
[Date "2018.12.26"]
[Round "3.69"]
[White "Zvjaginsev, Vadim"]
[Black "Vorotnikov, Vladislav V"]
[Result "0-1"]
[WhiteTitle "GM"]
[BlackTitle "GM"]
[WhiteElo "2642"]
[BlackElo "2417"]
[WhiteFideId "4113403"]
[BlackFideId "4103009"]
[EventDate "2018.12.26"]

1. Nf3 d6 2. d4 Nf6 3. Nc3 Bf5 4. Bg5 Ne4 5. Nxe4 Bxe4 6. Nd2 Bg6 7. e4 c6 8. c3
Qa5 9. h4 h6 10. Be3 e6 11. Qb3 Qc7 12. h5 Bh7 13. d5 exd5 14. exd5 c5 15. Be2
Be7 16. Qa4+ Nd7 17. Qg4 Bf6 18. O-O Ne5 19. Qg3 O-O-O 20. a4 Rde8 21. a5 Rhg8
22. b4 Nd3 23. Nc4 Rd8 24. b5 Qe7 25. Rad1 Ne5 26. Na3 g5 27. hxg6 Bxg6 28. f4
Bf5 29. Qf2 Ng4 30. Bxg4 Rxg4 31. Qf3 Rdg8 32. Rf2 Rg3 33. Qh5 Bg4 34. Qxh6 Rh8 0-1

[Event "World Rapid 2018"]
[Site "St Petersburg RUS"]
[Date "2018.12.26"]
[Round "3.70"]
[White "Nihal, Sarin"]
[Black "Huzman, Alexander"]
[Result "0-1"]
[WhiteTitle "GM"]
[BlackTitle "GM"]
[WhiteElo "2576"]
[BlackElo "2580"]
[WhiteFideId "25092340"]
[BlackFideId "2803828"]
[EventDate "2018.12.26"]

1. Nf3 Nf6 2. c4 e6 3. e3 b6 4. Nc3 Bb7 5. d4 d5 6. cxd5 exd5 7. Bb5+ c6 8. Bd3
Be7 9. O-O O-O 10. b3 Nbd7 11. Bb2 Bd6 12. Rc1 Qe7 13. Ne2 Ne4 14. Ng3 f5 15.
Qe2 Rae8 16. Rfe1 g5 17. Nf1 g4 18. N3d2 Qg5 19. g3 h5 20. f4 gxf3 21. Nxf3 Qh6
22. Qg2 Kh7 23. N1d2 Rg8 24. Bxe4 fxe4 25. Nh4 Qe6 26. Rf1 Ref8 27. Rxf8 Rxf8
28. Rf1 Ba6 29. Rxf8 Bxf8 30. Nb1 Nf6 31. Qf2 Bh6 32. Qf5+ Qxf5 33. Nxf5 Bd3 34.
Nc3 Bf8 35. h3 b5 36. a3 a5 37. Na2 Bb1 38. Nc1 b4 39. axb4 Bxb4 40. Kf2 Bc2 41.
Ke2 Ne8 42. Nh4 Nd6 43. Ng2 Nf5 44. g4 hxg4 45. hxg4 Nh6 46. Nf4 Nxg4 47. Ne6 a4
48. Nd8 c5 49. dxc5 Bxc5 50. bxa4 Bxe3 51. a5 d4 52. Bxd4 Bxd4 53. Ne6 Ba7 54.
Kd2 Bb1 55. a6 Kg6 56. Ne2 Kf6 57. N6d4 e3+ 58. Kc3 Be4 59. Nb5 Bb6 60. Nd6 Bf3
61. Ng1 Bc6 62. Ne2 Nf2 63. Nc8 Ne4+ 64. Kd3 Bc5 65. a7 Nf2+ 66. Kc4 Ne4 67. Nf4
Nd6+ 68. Kxc5 Nxc8 69. Kd4 0-1

[Event "World Rapid 2018"]
[Site "St Petersburg RUS"]
[Date "2018.12.26"]
[Round "3.71"]
[White "Kovalenko, Igor"]
[Black "Chen, Qi b"]
[Result "0-1"]
[WhiteTitle "GM"]
[WhiteElo "2657"]
[BlackElo "2437"]
[WhiteFideId "14117908"]
[BlackFideId "8614733"]
[EventDate "2018.12.26"]

1. d4 Nf6 2. Nf3 d5 3. Nbd2 g6 4. e3 Bg7 5. b4 O-O 6. Bb2 b6 7. b5 c5 8. bxc6
Nxc6 9. a3 Bb7 10. Bd3 Rc8 11. O-O Na5 12. Qe2 Ne4 13. Rac1 Nc3 14. Bxc3 Rxc3
15. Nb1 Rc7 16. c3 Qd6 17. Qa2 Rfc8 18. Nfd2 e5 19. Rcd1 e4 20. Be2 Qe6 21. Nb3
Nc4 22. Kh1 f5 23. a4 Bf8 24. N3d2 Na5 25. Nb3 Nc4 26. N3d2 Na5 27. Rde1 Bd6 28.
Bb5 Kg7 29. Nb3 Nc4 30. a5 h5 31. Rc1 h4 32. N1d2 Nxd2 33. Qxd2 Qf7 34. a6 Bc6
35. c4 Bxb5 36. cxb5 Qd7 37. Qe2 Rc4 38. Rb1 Rc2 39. Qd1 Qxb5 40. Nc5 Qc4 41.
Nb7 Bb8 42. f4 Qxa6 43. Nc5 Qe2 44. Qxe2 Rxe2 45. Ne6+ Kf6 46. Ng5 Rxe3 47. Nh7+
Kg7 48. Ng5 Rc2 49. Rb5 Kf6 50. Nh3 Ke6 51. Ng5+ Kd6 52. Rbb1 Ree2 53. Rg1 Ke7
54. Nh3 Red2 55. Rbd1 a5 56. Rb1 Bc7 57. Rbc1 a4 58. Ra1 Rxd4 0-1